Name a Movie That...(1980s) Quiz Stats

 Plays Quiz Updated May 9, 2013

Challenge
Share
Tweet
Embed
Score 0/20 Timer 04:00
6 Plays Today
Name a 1980s movie that... Movie % Correct
...was the highest grossing of its release yearBatman...
89.4%
...starred Tom CruiseRisky Business...
88.9%
...starred Arnold Schwarzenegger and is an action movieThe Terminator...
85.2%
...starred Leslie Nielsen and was a spoofThe Naked Gun...
81.8%
...was directed by James CameronAliens...
81.3%
...is on either of the AFI Top 100 films listsRaging Bull...
74.6%
...won Best PictureChariots of Fire...
66.3%
...starred Michael J. Fox but not a DeLoreanCasualties of War...
57.3%
...featured James BondFor Your Eyes Only...
57.1%
...grossed over 300 million dollars domesticallyE.T...
55.4%
Name a 1980s movie that... Movie % Correct
...won its leading lady a Best Actress OscarOn Golden Pond...
54.5%
...earned Meryl Streep an Oscar NominationSilkwood...
53%
...was made by Disney AnimationThe Fox and the Hound...
52.2%
...starred Harrison Ford and isn't part of a franchiseWitness...
52.1%
...starred Sylvester Stallone and didn't begin with 'R'Cobra...
41.3%
...earned Jack Nicholson an Oscar NominationTerms of Endearment...
35.4%
...starts with the letter 'V' and earned a major U.S. releaseValley Girl...
32%
...was directed by Woody AllenAnother Woman...
32%
...was directed by John CarpenterThey Live...
30.4%
...got a major release and is a traditional WesternHeaven's Gate...
22.4%

You're not logged in!

Compare scores with friends on all Sporcle quizzes.
Join for Free
OR
Log In

You Might Also Like...

Show Comments

Extras

Top Quizzes Today


Score Distribution

Your Account Isn't Verified!

In order to create a playlist on Sporcle, you need to verify the email address you used during registration. Go to your Sporcle Settings to finish the process.

Report this User

Report this user for behavior that violates our Community Guidelines.

Details: